Geography its history and concepts : a student's guide
Αποθηκεύτηκε σε:
| Κύριος συγγραφέας: | |
|---|---|
| Άλλοι συγγραφείς: | |
| Μορφή: | Βιβλίο |
| Γλώσσα: | English |
| Δημοσίευση: |
London :
Harper and Row,
1985
|
| Θέματα: | |
| Ετικέτες: |
Προσθήκη ετικέτας
Δεν υπάρχουν, Καταχωρήστε ετικέτα πρώτοι!
|
MARC
| LEADER | 00000nam a2200000 i 4500 | ||
|---|---|---|---|
| 001 | 1/7074 | ||
| 008 | 960723s1985 eng d | ||
| 020 | |a 038-9202-6-22 | ||
| 035 | |l 10016577 | ||
| 040 | |a GR-MY-UA |b gre |e aacr | ||
| 041 | 0 | |a eng | |
| 082 | 0 | |a 910.01 | |
| 100 | 1 | |a Holt-Jensen, Arild. | |
| 245 | 1 | 0 | |a Geography its history and concepts : |b a student's guide / |c Arild Holt-Jensen ; Translation by Brian Fullerton |
| 260 | |a London : |b Harper and Row, |c 1985 | ||
| 300 | |a 171 p. |b fig. | ||
| 504 | |a Includes bibliographical references and index | ||
| 650 | 0 | 0 | |a Geography |x Philosophy. |
| 650 | 0 | 0 | |a Geography |x Methodology. |
| 700 | 1 | |a Fullerton, Brian. |4 trl | |
| 852 | |a INST |b LESVOS |e 19960723 |h 910.01 HOL |p 005100005348 |q 005100005348 |t BK |y 0 | ||
| 909 | |a Λ |b 005347 | ||